000 00749nam a2200205Ia 4500
005 20251020182543.0
008 200515s9999 xx 000 0 und d
082 _a744.72/M26
100 _aMARIN D'HOTELLERIE, José Luis
245 0 _aIntroducción al dibujo arquitectónico
260 _aMéxico, D.F.
260 _c1986
300 _a216
500 _a1 ejemplar
520 _aConceptos fundamentales acerca del adiestramiento en dibujo técnico arquitectónico, su objetivo es que el alumno adquiera la soltura, la técnica y la rapidez necesarias para realizar todo tipo de diseños arquitectónicos, mediante la practica de una serie
650 _aDIBUJO ARQUITECTONICO
650 _aDIBUJO TECNICO
650 _aLIB
942 _cLIB
999 _c2456
_d2456